Word Ladder: Missing Middle Quiz Stats

 Plays Quiz Updated Jul 20, 2018

Challenge
Share
Tweet
Embed
Score 0/11 Timer 04:00
2 Plays Today
Left Center % Correct
SAIL____BOAT
89.9%
BARE____FOOT
81.3%
OPPORTUNITY ____COST
76.7%
HOLLY____WOOD
76.6%
SUGAR____COAT
76.3%
OUT____LAST
73.7%
SNOW ____BOOT
73.6%
CROSS____WORD
68.7%
FAST ____FOOD
64.5%
OVER____CAST
62.9%
CHECK____LIST
58.3%

Today's Daily Dose

Missing Word
Animated TV Series

Word Ladder
Boston

Quick Pick
'H' Literature

On This Day
August 16th II

You're not logged in!

Compare scores with friends on all Sporcle quizzes.
Join for Free
OR
Log In

You Might Also Like...

Show Comments

Extras

Top Quizzes Today


Score Distribution

Your Account Isn't Verified!

In order to create a playlist on Sporcle, you need to verify the email address you used during registration. Go to your Sporcle Settings to finish the process.

Report this User

Report this user for behavior that violates our Community Guidelines.

Details: